03664nam a22002057a 450000500170000000800400001702000150005705000240007210000500009624501650014626000930031130000200040444000440042450001190046850400390058750526890062660000440331565000350335971000640339420150124131400.0101112t mx||||| |||| 00| 0 spa d a968737623604aF1306.M5 bC46 19941 aHernández Aragón de Tavera, Ma. de la Paz10aFray Antonio de San Miguel Iglesias. Humanista Vallisoletano del siglo XVIII : b(Esbozo biografico y documentos ) /cMa. de la Paz Hernandez Aragón de Tavera aMorelia, Mich., México bCentro de Estudios Sobre la Cultura Nicolaita . UMSNH, c1994 a204 p. c19 cm. 0aBiblioteca de Nicolaitas Notables ;v52 aObra conmemorativa del 75 aniversario de la fundacioón de la Universidad Michoacana de San Nicolás de Hidalgo  aIncluye bibliografía e índice  aContenido :g La salud pública en Michoacán / Juan José Alcocer Campero Calderón v.22. Contenido: Adolfo Cano, jurista Nicolaita / Alfredo Lozano Vázquez v.23. Contenido: Don Vasco de Quiroga : grandeza de su persona y de su obra / Nicolás León v.24. Contenido: Procesos Inquisitorial y militar seguidos a D. Miguel Hidalgo y Costilla / Antonio Pompa y Pompa v.26. Contenido: Aula nobilis : monografía del Colegio Primitivo de San Nicolás de Hidalgo / Pablo G. Macías v.27. Contenido: Ser y hacer del Rubén Romero / María Teresa Perdomo v.28. Contenido: Hidalgo intimo : (Edición facsimilar de la de 1910) / José M.de la Fuente v.29. Contenido: Memorias universitarias : Algunas Cuestiones Académicas Importantes que Tocó al Autor promover, Apoyar o llevar Adelante en más de veinte Años de trabajo Docente / Jesús Bravo Baquero v.30. Contenido: Bosquejo Histórico de la ciudad de Morelia / Juan de la Torre v.32. Contenido: Hidalgo : reformador y Maestro / Pablo G. Macías Guillén v.33. Contenido: La comisión Nacional de los Libros de texto gratuitos (En el sexenio del presidente Adolfo López Mateos 1959-1964) / Juan Hernández Luna v.34. Contenido: El joven Teólogo Miguel Hidalgo y Costilla : Anales de su vida y de su Revolución de Independencia / Agustín Rivera y Sanromán v.35. Contenido: La Universidad de Primavera : "Vasco de Quiroga" / Juan de la Encina y Enrique Diez Canedo. v.36. Contenido: La Universidad de primavera "Vasco de Quiroga" / Fernando de Buen v.37. Contenido: Melchor Ocampo : Vida y Obra / Raúl Arreola Cortés v.39. Contenido: Hidalgo en el Colegio de San Nicolás / Enrique Arrequín Oviedo v.40. Contenido: José Pérez Calama, un clérigo Ilustrado del siglo XVIII en la Antigua Valladolid de Michoacán / Juvenal Jaramillo M. v.41. Contenido: Historia de la calzada construida el Lago de Cuitzeo / Nabor Ballesteros Tena v.42. Contenido: Universidad y Ciencia / Porfirio García de León González; Introducción de Porfirio García de León Campero Calderón. v.44. Contenido: Maestro y Aeda / Francisco R. Romero; Prólogo de Cayetano Andrade. v.45. Contenido: Hidalgo antes del grito de Dolores / Carlos Herrejón Peredo v.46. Contenido: Sílfide : Peripecias de un abogado nicolaita : (Novela) / Rafael Ferreira León v.47. Contenido: Aníbal Ponce, Maestro Nicolaita / Selección y prólogo de Raúl Arreola Cortés v.48. Contenido: Ensayo sobre Ludwig Feuerbach y su crítica filosófica de la religión / Jesús Bravo Baquero v.49. Contenido: Tiempo de España, Tiempo de América y otros ensayos sobre el 5° Centenario / Raúl Arreola Cortés v.50. 10aDe San Miguel Iglesias, Antonio, dFray 4aObispos y sacerdoteszMéxico2 aCentro de estudios sobre la cultura nicolaita (Michoacán)